Statistics for European Geography by Letter - F

Click here to take the quiz!

General Stats

  • This quiz has been taken 147 times
    (146 since last reset)
  • The average score is 14 of 20

Answer Stats

HintAnswer% Correct
Currency of Switzerland and Liechtensteinfranc
100%
Country with over 180,000 lakesFinland
99%
One of five countries that are permanent members of the UN Security CouncilFrance
99%
Italian city considered to be the birthplace of the RenaissanceFlorence
96%
The coast of Norway is famous for these long, narrow sea inlets with steep cliffs, created by glaciersfjords
95%
Ethnicity of CharlemagneFrankish
95%
City with the busiest airport in GermanyFrankfurt
93%
Southernmost city of mainland PortugalFaro
91%
Dutch-speaking region of BelgiumFlanders
91%
Autonomous territory of Denmark in the North AtlanticFaroe Islands
85%
Dialect of Dutch spoken in BelgiumFlemish
85%
90% of the above territory's exportsfish
84%
Economic and political system common in medieval Europe where serfs worked the land of the nobilityfeudalism
61%
Language spoken in the north of the Netherlands and Germany - one of the most closely related modern languages to EnglishFrisian
50%
Estuary of several Scottish rivers that Edinburgh lies onFirth of Forth
44%
Historical region in northeast Italy with its own language still spoken by around 600,000 peopleFriuli
26%
Third-largest island of DenmarkFunen
24%
Northernmost and easternmost county of NorwayFinnmark
21%
Peninsula including the above country, Norway, Sweden, and part of northern RussiaFennoscandia
15%
Largest and most populous island of the Finnish autonomous region of ÅlandFasta Åland
8%

Score Distribution

Percentile by Number Answered

Percent of People with Each Score

Your Score History

You have not taken this quiz since the last reset